000 00794nam a2200205 a 4500
005 20210219160114.0
008 080801s1988 mx r 000 0 spa d
035 _aUPN01000158751
049 _aUNE
080 _a372.36 (-77) =20 JEU No.25.
245 0 0 _aGames and toys in early childhood education /
_cM. Mauriras-Bousquet... [et al.].
260 _aParís :
_bUNESCO ;
_aNew York :
_bUNICEF,
_c1988.
300 _av, 12 p. :
_bil.
440 0 _aChild, Family, Community ;
_v25
690 _aJuego infantil - Educación preescolar - Países en desarollo
690 _aJuguetes educativos - Educación preescolar - Países en desarrollo
690 _aEducación preescolar - Juguetes educativos - Países en desarrollo
700 1 _aMauriras-Bousquet, Martine,
_ecoaut.
905 _aUNESCO
999 _c130865
_d130865